Sanat - "Vuonna '85 " - Eppu Normaali - Statistics

Yleistilastot
  • Tätä visaa on pelattu 263 kertaa
  • Keskiarvotulos 166 / 248
Vastaustilastot
Sanat % Oikein
on
95%
aikaa
94%
siis
94%
kauan
91%
90%
kun
89%
siitä
89%
ylöspäin
89%
näin
87%
ja
86%
maailman
86%
viimeksi
86%
me
85%
kirjoitin
78%
kirjoitan
76%
lauluja
76%
mitä
76%
pyörässä
76%
metrossa
75%
nään
74%
sisällä
74%
tunnen
74%
pään
73%
missä
72%
Täällä
71%
täällä
71%
vuosi 85
70%
milloinkin
69%
silloinkin
69%
nyt
68%
teen
68%
alas
67%
oon
67%
kuljin
66%
meen
66%
minne
66%
ympäri
66%
lauluni
64%
mietin
64%
hei
63%
kenelle
63%
vei
61%
oli
58%
ei
57%
kuljetaan
57%
avataan
55%
maailmanpyöräni
55%
Silmämme
55%
suljetaan
55%
vaan
55%
niin
54%
polle
54%
ratsastaa
54%
elämäni
52%
jäin
51%
maailmaa
49%
maailmanpyörällä
49%
pollella
49%
silmät
49%
sitä
49%
tylsää
49%
katsomaan
48%
kii
48%
amsterdamin
47%
antaa
47%
katselin
47%
kukkia
47%
kukkien
47%
kaikkien
46%
amfetamiini
45%
maailmaani
45%
poikanne
45%
silmäni
45%
tylsyyttä
45%
avasin
44%
sitten
44%
soitin
44%
enää
43%
kädessä
43%
pysy
43%
vielä
43%
kanavaan
42%
pyörähdin
42%
sana
42%
viimeinen
42%
täältä
40%
kirjettä
39%
kotiin
39%
menen
39%
päin
39%
kukkaloistosta
37%
lopu
35%
seinää
34%
kävelee
33%
katsastaa
32%
kuinka
32%
sanoen
30%
toisin
30%
pitkälle
29%
anoen
28%
konsertoin
28%
lanttia
28%
rämpytän
28%
pullollaan
27%
pitkätukkiaan
26%
ojat
22%
sisältä
7%
Ehtoja vastaavia visoja ei löytynyt
Tulosjakauma
Jokaisen tuloksen saaneiden osuus
Persentiili vastausten määrän mukaan
Tuloshistoriasi
Et ole pelannut tätä visaa